Statistiques concernant Harry Potter: les Baguettes Magiques

Cliquez ici pour prendre le quiz!

Statistiques générales

  • Ce quiz a été pris 154 fois
  • Le résultat moyen est 12 sur 17

Statistiques - réponses

InformationRéponse% Correct
Fabricant de baguette sur le Chemin de TraverseGarrick Ollivander
98%
Age auquel on achète sa première baguette magique11 ans
96%
Première apparitionHarry Potter à l'école des sorciers
94%
Derniere apparitionHarry Potter et les Reliques de la Mort
93%
Coeur de Baguette (Harry)Plume de Phenix
90%
UtilisationCanaliser la magie
87%
Coeur de Baguette (Hermione)Ventricule de dragon
87%
PropriétairesSorciers
84%
Coeur de Baguette (Ron)Crin de Licorne
82%
Fabricant de baguette en Europe de l'EstMykew Gregorovitch
67%
Coeur de Baguette (Fleur)Cheveu de Vélane
59%
Fabricant de baguette dans un conteMort
53%
Cœur de Baguette (Albus)Crin de Sombral
47%
Créature présente sur les arbres à baguettesBotruc
45%
Cœur de Baguette (Salazar)Corne de Basilic
34%
Cout moyen7 Gallions
33%
Cœur de Baguette (Chevalier du Catogan)Moustache de Troll
15%

Distribution des résultats

Percentile par nombre de réponses

% des personnes avec chaque résultat

Votre développement - résultats

Vous n’avez pas pris ce quiz